Crafting and Executive Strategy: The Quest for Competitive Advantage Concepts and Cases (Record no. 3376)

MARC details
005 - DATE AND TIME OF LATEST TRANSACTION
control field 20250607075439.0
020 ## - INTERNATIONAL STANDARD BOOK NUMBER
International Standard Book Number 0-07-111220-0
082 ## - DEWEY DECIMAL CLASSIFICATION NUMBER
Classification number TEA LECT 658. 401 THO
100 ## - MAIN ENTRY--PERSONAL NAME
Author name THOMPSON, A. A.
245 ## - TITLE STATEMENT
Title Crafting and Executive Strategy: The Quest for Competitive Advantage Concepts and Cases
250 ## - EDITION STATEMENT
Edition statement 14th Ed.
260 ## - PUBLICATION, DISTRIBUTION, ETC.
Place of publication, distribution, etc. New York,
Name of publisher, distributor, etc. McGraw-Hill Irwin,
Date of publication, distribution, etc. 2005.
300 ## - PHYSICAL DESCRIPTION
Extent xli, 694p.: ill.; figure, graph, map, table.
Other physical details Index.
Dimensions 26cm.
700 ## - ADDED ENTRY--PERSONAL NAME
Other authors/Editors STRCKLAND, A. J. & GAMBLE, J. E.
856 ## - ELECTRONIC LOCATION AND ACCESS
Link text Access online book
Electronic name Crafting and Executing Strategy
Path www.mhhe.com
942 ## - ADDED ENTRY ELEMENTS (KOHA)
Source of classification or shelving scheme Dewey Decimal Classification
Koha item type Books
Holdings
Date last seen Total checkouts Full call number Barcode Cost, replacement price Price effective from Koha item type Lost status Source of classification or shelving scheme Damaged status Not for loan Withdrawn status Home library Current library Shelving location Date acquired Cost, normal purchase price
06/28/2025   658.401THO DOM0001268 384021.00 06/28/2025 Books   Dewey Decimal Classification       CBE Dodoma CBE Dodoma General Collection 04/22/2005 128007.00
06/07/2025   TEA LECT 658. 401 THO 00000011373 384021.00 06/07/2025 Books   Dewey Decimal Classification       College of Business Education Main Library College of Business Education Main Library General Collection 04/22/2005 128007.00